Associez un personnage à la première œuvre dans laquelle il apparaît - Statistiques

Statistiques générales
  • Ce quiz a été pris 91 fois
  • Le résultat moyen est 152 sur 256
Statistiques - réponses
Question Tuile Select % Correct
James Bond Anges et Démons Non
90%
James Bond L'Abuseur de Séville Non
90%
James Bond L'Affaire Protheroe Non
90%
James Bond La Mystérieuse affaire de Styles Non
90%
James Bond L'Arrestation de (nom du personnage) Non
90%
James Bond Le Fléau de Capistrano Non
90%
James Bond Le Sauveur de l'humanité Non
90%
James Bond Les Mines du Roi Salomon Non
90%
James Bond Pietr-le-Letton Non
90%
James Bond Retour à bon port Non
90%
James Bond Une étude en rouge Non
90%
Sherlock Holmes Anges et Démons Non
89%
James Bond Cet homme est dangereux Non
89%
James Bond Le Saint et Patricia - Le Secret de la vieille maison Non
89%
Sherlock Holmes Les Mines du Roi Salomon Non
89%
Sherlock Holmes Little Bird Non
89%
James Bond Little Bird Non
89%
Sherlock Holmes Pietr-le-Letton Non
89%
Sherlock Holmes Casino Royale Non
88%
James Bond Casino Royale Oui
88%
Sherlock Holmes Cet homme est dangereux Non
88%
Sherlock Holmes L'Abuseur de Séville Non
88%
James Bond Le Mystérieux Docteur (nom du personnage) Non
88%
Sherlock Holmes Le Saint et Patricia - Le Secret de la vieille maison Non
88%
Sherlock Holmes Retour à bon port Non
88%
Sherlock Holmes Le Sauveur de l'humanité Non
87%
Sherlock Holmes Le Fléau de Capistrano Non
85%
Sherlock Holmes L'Affaire Protheroe Non
84%
Hercule Poirot Anges et Démons Non
82%
Hercule Poirot Casino Royale Non
82%
Hercule Poirot Le Fléau de Capistrano Non
82%
Hercule Poirot Le Sauveur de l'humanité Non
82%
Hercule Poirot Little Bird Non
82%
Hercule Poirot Cet homme est dangereux Non
80%
Hercule Poirot Une étude en rouge Non
80%
Sherlock Holmes L'Arrestation de (nom du personnage) Non
79%
Hercule Poirot Pietr-le-Letton Non
79%
Hercule Poirot L'Abuseur de Séville Non
78%
Hercule Poirot Les Mines du Roi Salomon Non
78%
Hercule Poirot L'Arrestation de (nom du personnage) Non
77%
Sherlock Holmes Le Mystérieux Docteur (nom du personnage) Non
76%
Hercule Poirot Le Mystérieux Docteur (nom du personnage) Non
74%
Hercule Poirot Retour à bon port Non
74%
Hercule Poirot Le Saint et Patricia - Le Secret de la vieille maison Non
73%
Don Juan Casino Royale Non
72%
Don Juan L'Affaire Protheroe Non
72%
Don Juan La Mystérieuse affaire de Styles Non
72%
Don Juan Le Sauveur de l'humanité Non
72%
Don Juan Little Bird Non
72%
Don Juan Retour à bon port Non
72%
Don Juan Une étude en rouge Non
72%
Don Juan Anges et Démons Non
71%
Sherlock Holmes La Mystérieuse affaire de Styles Non
71%
Don Juan Le Mystérieux Docteur (nom du personnage) Non
71%
Don Juan Pietr-le-Letton Non
71%
Don Juan Cet homme est dangereux Non
70%
Don Juan Le Saint et Patricia - Le Secret de la vieille maison Non
70%
Alan Quatermain Casino Royale Non
68%
Miss Marple Casino Royale Non
68%
Alan Quatermain L'Abuseur de Séville Non
68%
Alan Quatermain L'Affaire Protheroe Non
68%
Miss Marple Le Fléau de Capistrano Non
68%
Alan Quatermain Le Saint et Patricia - Le Secret de la vieille maison Non
68%
Don Juan Les Mines du Roi Salomon Non
68%
Miss Marple Les Mines du Roi Salomon Non
68%
Arsène Lupin Anges et Démons Non
67%
Arsène Lupin Casino Royale Non
67%
Alan Quatermain L'Arrestation de (nom du personnage) Non
67%
Miss Marple Le Mystérieux Docteur (nom du personnage) Non
67%
Miss Marple Le Sauveur de l'humanité Non
67%
Arsène Lupin Le Sauveur de l'humanité Non
67%
Arsène Lupin Little Bird Non
67%
Arsène Lupin Pietr-le-Letton Non
67%
Alan Quatermain Retour à bon port Non
67%
Miss Marple Retour à bon port Non
67%
Miss Marple Anges et Démons Non
66%
Miss Marple Cet homme est dangereux Non
66%
Miss Marple L'Abuseur de Séville Non
66%
Hercule Poirot L'Affaire Protheroe Non
66%
Arsène Lupin L'Affaire Protheroe Non
66%
Alan Quatermain La Mystérieuse affaire de Styles Non
66%
Arsène Lupin La Mystérieuse affaire de Styles Non
66%
Don Juan Le Fléau de Capistrano Non
66%
Alan Quatermain Le Mystérieux Docteur (nom du personnage) Non
66%
Alan Quatermain Le Sauveur de l'humanité Non
66%
Arsène Lupin Les Mines du Roi Salomon Non
66%
Alan Quatermain Little Bird Non
66%
Alan Quatermain Une étude en rouge Non
66%
Arsène Lupin Une étude en rouge Non
66%
Diego De La Vega ou Zorro Anges et Démons Non
65%
Diego De La Vega ou Zorro Casino Royale Non
65%
Diego De La Vega ou Zorro La Mystérieuse affaire de Styles Non
65%
Don Juan L'Arrestation de (nom du personnage) Non
65%
Alan Quatermain Le Fléau de Capistrano Non
65%
Arsène Lupin Le Mystérieux Docteur (nom du personnage) Non
65%
Diego De La Vega ou Zorro Le Mystérieux Docteur (nom du personnage) Non
65%
Arsène Lupin Le Saint et Patricia - Le Secret de la vieille maison Non
65%
Diego De La Vega ou Zorro Les Mines du Roi Salomon Non
65%
Diego De La Vega ou Zorro Little Bird Non
65%
Alan Quatermain Pietr-le-Letton Non
65%
Miss Marple Pietr-le-Letton Non
65%
Diego De La Vega ou Zorro Pietr-le-Letton Non
65%
Diego De La Vega ou Zorro Une étude en rouge Non
65%
Miss Marple L'Arrestation de (nom du personnage) Non
63%
Miss Marple Une étude en rouge Non
63%
Alan Quatermain Anges et Démons Non
62%
Diego De La Vega ou Zorro Cet homme est dangereux Non
62%
Arsène Lupin L'Abuseur de Séville Non
62%
Diego De La Vega ou Zorro L'Affaire Protheroe Non
62%
Miss Marple Le Saint et Patricia - Le Secret de la vieille maison Non
62%
Jules Maigret Casino Royale Non
61%
Jules Maigret L'Abuseur de Séville Non
61%
Diego De La Vega ou Zorro L'Arrestation de (nom du personnage) Non
61%
Jules Maigret Le Sauveur de l'humanité Non
61%
Jules Maigret Little Bird Non
61%
Arsène Lupin Retour à bon port Non
61%
Diego De La Vega ou Zorro Retour à bon port Non
61%
Jules Maigret L'Arrestation de (nom du personnage) Non
60%
Diego De La Vega ou Zorro Le Saint et Patricia - Le Secret de la vieille maison Non
60%
Jules Maigret Les Mines du Roi Salomon Non
60%
Jules Maigret Une étude en rouge Non
60%
Jules Maigret Anges et Démons Non
59%
Miss Marple Little Bird Non
59%
Alan Quatermain Cet homme est dangereux Non
57%
Arsène Lupin Cet homme est dangereux Non
57%
Robert Langdon Cet homme est dangereux Non
57%
Jules Maigret L'Affaire Protheroe Non
57%
Robert Langdon La Mystérieuse affaire de Styles Non
57%
Robert Langdon L'Arrestation de (nom du personnage) Non
57%
Arsène Lupin Le Fléau de Capistrano Non
57%
Robert Langdon Le Saint et Patricia - Le Secret de la vieille maison Non
57%
Robert Langdon L'Abuseur de Séville Non
56%
Miss Marple La Mystérieuse affaire de Styles Non
56%
Jules Maigret La Mystérieuse affaire de Styles Non
56%
Jules Maigret Le Fléau de Capistrano Non
56%
Robert Langdon Le Fléau de Capistrano Non
56%
Jules Maigret Le Mystérieux Docteur (nom du personnage) Non
56%
Robert Langdon Une étude en rouge Non
56%
Robert Langdon Casino Royale Non
55%
Diego De La Vega ou Zorro L'Abuseur de Séville Non
55%
Simon Templar La Mystérieuse affaire de Styles Non
55%
Robert Langdon Le Mystérieux Docteur (nom du personnage) Non
55%
Robert Langdon Les Mines du Roi Salomon Non
55%
Simon Templar Casino Royale Non
54%
Simon Templar Cet homme est dangereux Non
54%
Simon Templar L'Abuseur de Séville Non
54%
Simon Templar Le Fléau de Capistrano Non
54%
Robert Langdon Little Bird Non
54%
Robert Langdon Pietr-le-Letton Non
54%
Jules Maigret Retour à bon port Non
54%
Robert Langdon Retour à bon port Non
54%
Simon Templar Anges et Démons Non
52%
Johnny Maxwell Casino Royale Non
52%
Don Juan L'Abuseur de Séville Oui
52%
Johnny Maxwell L'Abuseur de Séville Non
52%
Walt Longmire L'Abuseur de Séville Non
52%
Robert Langdon L'Affaire Protheroe Non
52%
Simon Templar L'Affaire Protheroe Non
52%
Robert Langdon Le Sauveur de l'humanité Non
52%
Simon Templar Little Bird Non
52%
Simon Templar Pietr-le-Letton Non
52%
Simon Templar Retour à bon port Non
52%
Walt Longmire Anges et Démons Non
51%
Walt Longmire Casino Royale Non
51%
Horatio Hornblower Casino Royale Non
51%
Horatio Hornblower L'Abuseur de Séville Non
51%
Lemmy Caution La Mystérieuse affaire de Styles Non
51%
Diego De La Vega ou Zorro Le Sauveur de l'humanité Non
51%
Walt Longmire Les Mines du Roi Salomon Non
51%
Johnny Maxwell Une étude en rouge Non
51%
Simon Templar Une étude en rouge Non
51%
Horatio Hornblower Anges et Démons Non
50%
Lemmy Caution Casino Royale Non
50%
Fu Manchu Casino Royale Non
50%
Jules Maigret Cet homme est dangereux Non
50%
Lemmy Caution L'Abuseur de Séville Non
50%
Lemmy Caution L'Affaire Protheroe Non
50%
Fu Manchu L'Affaire Protheroe Non
50%
Simon Templar L'Arrestation de (nom du personnage) Non
50%
Lemmy Caution L'Arrestation de (nom du personnage) Non
50%
Horatio Hornblower L'Arrestation de (nom du personnage) Non
50%
Johnny Maxwell Le Fléau de Capistrano Non
50%
Walt Longmire Le Mystérieux Docteur (nom du personnage) Non
50%
Simon Templar Le Mystérieux Docteur (nom du personnage) Non
50%
Jules Maigret Le Saint et Patricia - Le Secret de la vieille maison Non
50%
Walt Longmire Le Saint et Patricia - Le Secret de la vieille maison Non
50%
Fu Manchu Le Saint et Patricia - Le Secret de la vieille maison Non
50%
Horatio Hornblower Le Saint et Patricia - Le Secret de la vieille maison Non
50%
Walt Longmire Retour à bon port Non
50%
Horatio Hornblower Une étude en rouge Non
50%
Johnny Maxwell Anges et Démons Non
49%
Fu Manchu Anges et Démons Non
49%
Johnny Maxwell Cet homme est dangereux Non
49%
Fu Manchu L'Abuseur de Séville Non
49%
Johnny Maxwell La Mystérieuse affaire de Styles Non
49%
Walt Longmire La Mystérieuse affaire de Styles Non
49%
Horatio Hornblower La Mystérieuse affaire de Styles Non
49%
Fu Manchu L'Arrestation de (nom du personnage) Non
49%
Walt Longmire Le Fléau de Capistrano Non
49%
Johnny Maxwell Le Mystérieux Docteur (nom du personnage) Non
49%
Johnny Maxwell Le Saint et Patricia - Le Secret de la vieille maison Non
49%
Simon Templar Les Mines du Roi Salomon Non
49%
Johnny Maxwell Pietr-le-Letton Non
49%
Walt Longmire Pietr-le-Letton Non
49%
Lemmy Caution Pietr-le-Letton Non
49%
Walt Longmire Une étude en rouge Non
49%
Lemmy Caution Une étude en rouge Non
49%
Johnny Maxwell L'Affaire Protheroe Non
48%
Horatio Hornblower L'Affaire Protheroe Non
48%
Fu Manchu La Mystérieuse affaire de Styles Non
48%
Walt Longmire L'Arrestation de (nom du personnage) Non
48%
Lemmy Caution Le Fléau de Capistrano Non
48%
Horatio Hornblower Le Fléau de Capistrano Non
48%
Lemmy Caution Le Saint et Patricia - Le Secret de la vieille maison Non
48%
Walt Longmire Le Sauveur de l'humanité Non
48%
Simon Templar Le Sauveur de l'humanité Non
48%
Horatio Hornblower Le Sauveur de l'humanité Non
48%
Lemmy Caution Les Mines du Roi Salomon Non
48%
Horatio Hornblower Little Bird Non
48%
Lemmy Caution Retour à bon port Non
48%
Lemmy Caution Anges et Démons Non
46%
Walt Longmire Cet homme est dangereux Non
46%
Walt Longmire L'Affaire Protheroe Non
46%
Johnny Maxwell L'Arrestation de (nom du personnage) Non
46%
Fu Manchu Le Fléau de Capistrano Non
46%
Lemmy Caution Le Sauveur de l'humanité Non
46%
Johnny Maxwell Les Mines du Roi Salomon Non
46%
Fu Manchu Les Mines du Roi Salomon Non
46%
Horatio Hornblower Les Mines du Roi Salomon Non
46%
Lemmy Caution Little Bird Non
46%
Johnny Maxwell Retour à bon port Non
46%
Fu Manchu Une étude en rouge Non
46%
Fu Manchu Cet homme est dangereux Non
45%
Lemmy Caution Le Mystérieux Docteur (nom du personnage) Non
45%
Johnny Maxwell Little Bird Non
45%
Fu Manchu Pietr-le-Letton Non
45%
Fu Manchu Retour à bon port Non
45%
Horatio Hornblower Cet homme est dangereux Non
44%
Horatio Hornblower Le Mystérieux Docteur (nom du personnage) Non
44%
Fu Manchu Le Sauveur de l'humanité Non
44%
Fu Manchu Little Bird Non
44%
Horatio Hornblower Pietr-le-Letton Non
44%
Sherlock Holmes Une étude en rouge Oui
39%
Hercule Poirot La Mystérieuse affaire de Styles Oui
33%
Alan Quatermain Les Mines du Roi Salomon Oui
32%
Arsène Lupin L'Arrestation de (nom du personnage) Oui
30%
Robert Langdon Anges et Démons Oui
27%
Diego De La Vega ou Zorro Le Fléau de Capistrano Oui
26%
Miss Marple L'Affaire Protheroe Oui
20%
Simon Templar Le Saint et Patricia - Le Secret de la vieille maison Oui
12%
Jules Maigret Pietr-le-Letton Oui
10%
Lemmy Caution Cet homme est dangereux Oui
7%
Fu Manchu Le Mystérieux Docteur (nom du personnage) Oui
7%
Walt Longmire Little Bird Oui
6%
Horatio Hornblower Retour à bon port Oui
4%
Johnny Maxwell Le Sauveur de l'humanité Oui
2%
Aucun quiz correspondant
Distribution des résultats
% des personnes avec chaque résultat
Percentile par nombre de réponses
Votre historique - résultats
Vous n’avez pas pris ce quiz